000 01424nam a2200313Ia 4500
003 PE SENCICO BE
005 20251020182440.0
008 200515s9999 xx 000 0 und d
020 _a978-958-8351-92-6
040 _aPE SENCICO BE
_cPE SENCICO BE
041 _aspa
082 _a526.9
_bP45
100 1 _aPérez López, Pablo Andrés
_93279
_eautor
245 1 0 _aTopografía /
_cPablo Andrés Pérez López
250 _a1a ed.
260 _aMedellín :
_bInstituto Tecnológico Metropolitano ;
_c2010
300 _a357 páginas :
_bilustraciones, tablas, gráficos ;
_c23 cm.
490 _aTextos Académicos
505 0 _aIntroducción a la topografía -- Precisión y errores en topografía -- Planimetría -- Tipos de levantamientos topográficos - Instrumentos y usos comunes de las herramientas y equipos utilizados en planimetría -- Procesos iniciales para armas el equipo topográfico utilizado en planimetría -- Altimetría -- Áreas y volúmenes -- Particiones -- Topografía en vías
520 3 _aEl texto comprende un conjunto de prácticas y técnicas tradicionales que se complementan con la utilización de tecnologías y procedimientos modernos.
650 1 0 _aTopografía
_94
650 2 0 _aAltimetría
_93228
650 2 0 _aFotogrametría
_9120
650 2 0 _aGeodesia
_92
650 2 0 _aPlanimetría
_91232
650 2 0 _aTaquimetría
_9912
650 2 0 _aGeodesia
_92
942 _cLIB
_2ddc
999 _c512
_d512